| 000 | 01120nam a2200313 c 4500 | ||
|---|---|---|---|
| 001 | 21477 | ||
| 003 | ES-MaCES | ||
| 005 | 20141221122728.0 | ||
| 008 | 080922s2008 sp t o000 | spa d | ||
| 017 |
_aBI 1380-2008 _bDL |
||
| 020 | _a8445131374 (erróneo) | ||
| 035 | _aCES20080009212m | ||
| 040 |
_aES-MaCES _bspa _cES-MaCES |
||
| 245 | 0 | 0 | _aInformes elaborados por el Consejo Económico y Social de la Comunidad de Madrid en 2007 |
| 250 | _a1ª ed | ||
| 260 |
_aMadrid _bCES, Comunidad de Madrid _c2008 |
||
| 300 |
_a288 p. _c23 cm |
||
| 541 | _cGratuito | ||
| 650 | 4 |
_aMadrid (Comunidad Autónoma) _930777 |
|
| 650 | 4 |
_ainforme _928986 |
|
| 650 | 4 |
_a2007 _931880 |
|
| 653 | 1 | 0 | _aInformes CES |
| 710 | 2 |
_aConsejo Económico y Social (Madrid) _92424 |
|
| 787 | 0 |
_tInformes elaborados por el Consejo Económico y Social de la Comunidad de Madrid en 2008 _w(ES-MaCES)22454 |
|
| 787 | 0 |
_tInformes elaborados por el Consejo Económico y Social de la Comunidad de Madrid en 2006 _w(ES-MaCES)20131 |
|
| 902 | _aLIB Libro | ||
| 942 |
_2CES _cBK _h6.0.12. |
||
| 999 |
_c21477 _d21477 |
||